| 000 | 00402nam a2200121Ia 4500 | ||
|---|---|---|---|
| 008 | 220217s9999 xx 000 0 und d | ||
| 245 | 0 | _aLatex rubber, natural concentrate- Determination of mechanical stability | |
| 260 | _aSwitzerland | ||
| 260 |
_c1995 _bInternational Organization for Standardization |
||
| 500 | _aStandard number: ISO 35. Ed 4 | ||
| 650 | _aLatex mechanical stability | ||
| 942 | _cST | ||
| 999 |
_c74132 _d74132 |
||